LEADER 01324 am 22004453u 450 001 9910268953903321 005 20200520144314.0 010 $a1-76046-199-7 035 $a(CKB)4100000003666489 035 $a(MiAaPQ)EBC5378042 035 $a(WaSeSS)IndRDA00124571 035 $a(Au-PeEL)EBL5378042 035 $a(CaPaEBR)ebr11553094 035 $a(OCoLC)1029060374 035 $a(EXLCZ)994100000003666489 100 $a20180526d2018 uy 0 101 0 $aeng 135 $aurcnu|||||||| 181 $ctxt$2rdacontent 182 $cc$2rdamedia 183 $acr$2rdacarrier 200 00$aGilded age /$fedited by Ivan Franceschini and Nicholas Loubere ; with the made in China editorial board, Kevin Lin [and three others] 210 1$aCanberra :$cANU Press,$d2018. 215 $a1 online resource (272 pages) 225 0 $aMade in China yearbook 311 $a1-76046-198-9 320 $aIncludes bibliographical references. 607 $aChina$xPolitics and government$y2002- 608 $aElectronic books. 676 $a951.06 702 $aFranceschini$b Ivan 702 $aLoubere$b Nicholas 702 $aLin$b Kevin 801 0$bMiAaPQ 801 1$bMiAaPQ 801 2$bMiAaPQ 906 $aBOOK 912 $a9910268953903321 996 $aGilded age$92133728 997 $aUNINA